<?xml version="1.0" encoding="UTF-8"?>
<record
    xmlns:xsi="http://www.w3.org/2001/XMLSchema-instance"
    xsi:schemaLocation="http://www.loc.gov/MARC21/slim http://www.loc.gov/standards/marcxml/schema/MARC21slim.xsd"
    xmlns="http://www.loc.gov/MARC21/slim">

  <leader>01388nam a22002417a 4500</leader>
  <datafield tag="952" ind1=" " ind2=" ">
    <subfield code="0">0</subfield>
    <subfield code="1">0</subfield>
    <subfield code="4">0</subfield>
    <subfield code="7">0</subfield>
    <subfield code="a">03</subfield>
    <subfield code="b">03</subfield>
    <subfield code="d">2014-10-09</subfield>
    <subfield code="l">11</subfield>
    <subfield code="o">BF575 A3 R43 2001</subfield>
    <subfield code="p">03 007457</subfield>
    <subfield code="r">2017-10-19</subfield>
    <subfield code="s">2017-10-19</subfield>
    <subfield code="t">1</subfield>
    <subfield code="w">2014-10-09</subfield>
    <subfield code="y">LB</subfield>
  </datafield>
  <datafield tag="952" ind1=" " ind2=" ">
    <subfield code="0">0</subfield>
    <subfield code="1">0</subfield>
    <subfield code="2">lcc</subfield>
    <subfield code="4">0</subfield>
    <subfield code="7">0</subfield>
    <subfield code="a">20</subfield>
    <subfield code="b">20</subfield>
    <subfield code="d">2018-05-11</subfield>
    <subfield code="l">5</subfield>
    <subfield code="o">BF575.A3  R43</subfield>
    <subfield code="p">20 001805</subfield>
    <subfield code="r">2024-06-05</subfield>
    <subfield code="s">2023-07-18</subfield>
    <subfield code="t">1</subfield>
    <subfield code="w">2018-05-11</subfield>
    <subfield code="y">LB</subfield>
  </datafield>
  <datafield tag="999" ind1=" " ind2=" ">
    <subfield code="c">94546</subfield>
    <subfield code="d">94546</subfield>
  </datafield>
  <controlfield tag="008">130904t20012010mx a|||| |||| 00| 0 spa d</controlfield>
  <datafield tag="020" ind1=" " ind2=" ">
    <subfield code="a">9789682461620</subfield>
  </datafield>
  <datafield tag="050" ind1=" " ind2=" ">
    <subfield code="a">BF575.A3 </subfield>
    <subfield code="b">R43</subfield>
  </datafield>
  <datafield tag="100" ind1=" " ind2=" ">
    <subfield code="a">Renfrew, Jonh W.</subfield>
    <subfield code="e">autor</subfield>
  </datafield>
  <datafield tag="240" ind1=" " ind2=" ">
    <subfield code="a">Aggression and its causes</subfield>
    <subfield code="l">espa&#xF1;ol</subfield>
  </datafield>
  <datafield tag="245" ind1="1" ind2="3">
    <subfield code="a">La agresi&#xF3;n y sus causas</subfield>
    <subfield code="c"> / Jonh W. Renfrew </subfield>
  </datafield>
  <datafield tag="260" ind1=" " ind2=" ">
    <subfield code="a">M&#xE9;xico</subfield>
    <subfield code="b"> : Trillas</subfield>
    <subfield code="c"> , 2001</subfield>
  </datafield>
  <datafield tag="300" ind1=" " ind2=" ">
    <subfield code="a">371 p&#xE1;ginas</subfield>
    <subfield code="b"> : ilustraciones  </subfield>
  </datafield>
  <datafield tag="500" ind1=" " ind2=" ">
    <subfield code="a">Incluye prefacio, &#xED;ndice de contenido, introducci&#xF3;n, &#xED;ndice anal&#xED;tico e &#xED;ndice onom&#xE1;stico</subfield>
  </datafield>
  <datafield tag="504" ind1=" " ind2=" ">
    <subfield code="a">Incluye: bibliograf&#xED;a (pp.323-354) 
</subfield>
  </datafield>
  <datafield tag="505" ind1=" " ind2=" ">
    <subfield code="a">Introducci&#xF3;n
Factores gen&#xE9;ticos, sexuales y hormonales
Bases neurol&#xF3;gicas
Neuropsicolog&#xED;a y agresi&#xF3;n humana
Neurotrasmisores y drogas
Est&#xED;mulos causantes
Condicionamiento y aprendizaje
Factores psicosociales
Influencia de los medios de comunicaci&#xF3;n
Delincuencia en menores de edad
Abuso f&#xED;sico y sexual de los ni&#xF1;os
Abuso conyugal y violaci&#xF3;n de mujeres
Violencia en pacientes internos e instituciones psiqui&#xE1;tricas
Est&#xED;mulos causantes
Condicionamiento y aprendizaje  </subfield>
  </datafield>
  <datafield tag="519" ind1=" " ind2=" ">
    <subfield code="a">Educaci&#xF3;n Mixta /
</subfield>
    <subfield code="b">Psicolog&#xED;a / </subfield>
    <subfield code="c">Psicolog&#xED;a Fisiol&#xF3;gica (P04-1) /</subfield>
    <subfield code="d">(03 007457)</subfield>
  </datafield>
  <datafield tag="519" ind1=" " ind2=" ">
    <subfield code="a">Material complementario / </subfield>
    <subfield code="d">(20 001805)</subfield>
  </datafield>
  <datafield tag="650" ind1="1" ind2="0">
    <subfield code="a">AGRESIVIDAD</subfield>
    <subfield code="x">PSICOLOG&#xCD;A</subfield>
  </datafield>
  <datafield tag="650" ind1=" " ind2="0">
    <subfield code="a">AGRESIVIDAD</subfield>
    <subfield code="x">FACTORES SOCIALES</subfield>
  </datafield>
  <datafield tag="700" ind1=" " ind2=" ">
    <subfield code="a">Cort&#xE9;s, Eunice</subfield>
    <subfield code="e">traductor</subfield>
  </datafield>
  <datafield tag="942" ind1=" " ind2=" ">
    <subfield code="c">LB</subfield>
  </datafield>
</record>
